000 00513nam a2200169Ia 4500
999 _c21420
_d21420
003 OSt
005 20200616102908.0
008 190216s9999||||xx |||||||||||||| ||und||
020 _a9788178241548
040 _coclc
082 _a305.891411041
_bFIS/C
100 _aFisher, Michael H
_92946
245 0 _aCounterflows To Colonialism /
_cMichael H Fisher
260 _bPermanent Black Pub,
_c2008.
_aDelhi:
300 _a487p
942 _cBK
_2ddc
_h305.891411041
_iFIS/C
_k305.891411041
_mFIS/C